000 00907aam a2200289 i 4500
001 300
003 CO-MdBIC
005 20210918124426.0
008 210918t1997 sp ||||| |||| 00| 0 eng d
020 _a958-042708-9
040 _bspa.
_aCO-MdFUSB
_cCO-MdFUSB
_dCO-MdFUSBC
_erda
041 _aspa
082 0 4 _aR 410 C6499c
100 1 _aFernández de la Torriente, Gastón
245 1 0 _aDomine su lenguaje : Cómo aumentar su vocabulario / Gastón Fernández de la Torriente
_c/
260 _aBogotá, Colombia : Norma
264 1 _aBogotá, Colombia :
_bNorma,
_c[1997]
264 4 _c© 1997
300 _a166 Pag.
_c;
336 _2rdacontent
_atexto
_btxt
337 _2rdamedia
_asin mediación
_bn
338 _2rdacarrier
_avolumen
_bnc
505 0 0 _aVol. 1, Tomo 1 : Vocabulario superior; Tomo 2 : Vocabilario culto
653 _aDomine su lenguaje
942 _cBK
945 _aEstudiante
999 _c31836
_d31836